Statistics for Flags by Sentence Description

Click here to take the quiz!

General Stats

  • This quiz has been taken 40 times
  • The average score is 14 of 20

Answer Stats

HintCountry% Correct
Red, white and red horizontal tricolourAustria
97%
Red and white lines, containing a blue canton with fifty starsUnited States
97%
Red, white and red vertical tricolour with a red maple leaf in the centerCanada
94%
Black, red and gold horizontal tricolourGermany
94%
Red background with 5 yellow stars on the top leftChina
88%
Red, white and light blue horizontal tricolourLuxembourg
88%
Blue background with 6 white stars, 5 making a Southern Cross with ^ flag on top leftAustralia
85%
Blue background with a white cross and saltire with some red bars insideUnited Kingdom
70%
Green background with a yellow diamond and a blue circle mostly containing starsBrazil
67%
Horizontal tricolour with a large yellow bar and smaller blue and red barsColombia
64%
Red and white bars on the top and bottom with a larger blue bar in the centerThailand
64%
^ flag but red and blue are reversedCosta Rica
61%
Blue, white and red vertical tricolourFrance
61%
Blue, gold and red vertical tricolourRomania
61%
Green background with white Arabic writing and a sword in the centerSaudi Arabia
61%
Red, white and green horizontal tricolourHungary
58%
Light blue, white and green horizontal tricolour with red lines in between the colour as well as a crescent and 12 white stars on the top leftUzbekistan
45%
Green on the top left and blue on the bottom right with yellow, black and yellow diagonal bars in the centerTanzania
42%
Green, yellow and red horizontal tricolour with a blue circle and gold star in the centerEthiopia
39%
^^ and ^ combined diagonallySeychelles
36%

Score Distribution

Percentile by Number Answered

Percent of People with Each Score

Your Score History

You have not taken this quiz